| 000 | 01508 a2200373 4500 | ||
|---|---|---|---|
| 001 | 23922662 | ||
| 003 | 0199086 | ||
| 005 | 20251011164229.0 | ||
| 008 | 241114s2025 nyu b 001 0 eng | ||
| 010 | _a 2024043879 | ||
| 020 | _a9781032763507 | ||
| 020 | _a9781032756127 | ||
| 020 | _z9781003478126 | ||
| 035 | _a23922662 | ||
| 040 |
_aDLC _beng _erda _cDLC |
||
| 042 | _apcc | ||
| 050 | 0 | 0 |
_aHM 585 _b.S98 2025 |
| 082 | 0 | 0 |
_a301.01 _223/eng/20250120 |
| 100 | 1 |
_aSztompka, Piotr, _eauthor. |
|
| 245 | 1 | 2 |
_aA critical introduction to contemporary social theory : _bkey theories and theorists of the 21st century / _cPiotr Sztompka. |
| 263 | _a2504 | ||
| 264 | 1 |
_aNew York, NY : _bRoutledge, _c2025. |
|
| 300 | _axi, 248p.: | ||
| 336 |
_atext _btxt _2rdacontent |
||
| 337 |
_aunmediated _bn _2rdamedia |
||
| 338 |
_avolume _bnc _2rdacarrier |
||
| 504 | _aIncludes bibliographical references and index. | ||
| 520 |
_a"Examining the core sociological theories that have emerged in the first two decades of the current century, A Critical Introduction to Contemporary Social Theory outlines their attempts to answer the most fundamental questions of the discipline, from the nature of social order to the mechanisms of social change"-- _cProvided by publisher. |
||
| 650 | 0 |
_aSociology _xPhilosophy. |
|
| 650 | 0 |
_aSociology _xHistory _y21st century. |
|
| 906 |
_a7 _bcbc _corignew _d1 _eecip _f20 _gy-gencatlg |
||
| 942 |
_2lcc _cBK |
||
| 999 |
_c43707 _d43707 |
||